01309cam a22002891 4500001001300000003000400013005001700017008004100034010001700075035002000092040004700112042001200159050002200171100004200193245025200235260002300487300007600510490003600586500010800622504002500730650004200755650004100797700004400838700004100882700004800923810004800971gs 53000214 DLC20260227111400.0860123s1953 dcuabf b 000 0 eng c ags 53000214  a(OCoLC)13050248 aU.S. Geol. Survey. Libr.cTxHRdOCoLCdDLC apremarc00aQE75b.C5 no. 2381 aVisher, F. N.q(Frank Newell),d1923-10aGround-water conditions in the soil and moisture conservation demonstration area near Torrington, Goshen County, Wyoming,cby F.N. Visher and H.M. Babcock. With a section on the chemical quality of the ground water, by W.H. Durum and R.A. Krieger. aWashington,c1953. aiv, 51 p.billus., maps (2 fold.) diagrs., fold. plate, tables.c27 cm.1 aGeological Survey circularv238 aPrepared as part of a program of the Dept. of the Interior for development of the Missouri River basin. a"References": p. 33. 0aWater-supplyzWyomingzGoshen County. 0aGroundwaterzWyomingzGoshen County.1 aBabcock, H. M.q(Horace Maxson),d1916-1 aDurum, W. H.q(Walton Henry),d1917-1 aKrieger, Robert A.q(Robert Albert),d1918-2 aGeological Survey (U.S.).tCircular ;v238.